| 000 | 00876nam a22002297a 4500 | ||
|---|---|---|---|
| 999 |
_c11873 _d11873 |
||
| 003 | AR-CdUCM | ||
| 008 | 190405b ||||| |||| 00| 0 spa d | ||
| 040 |
_aMUNICIPALIDAD PROVINCIAL DEL CUSCO _cBIBLIOTECA MUNICIPAL DEL CUSCO |
||
| 041 | _hge | ||
| 082 |
_22ed _a946.03 / _bW832 / 1951 |
||
| 100 |
_aWittlin, Alma Sthepanie. _929455 |
||
| 245 |
_aIsabel la Católica : _bfundadora del poderío mundial de España / |
||
| 260 |
_aBuenos Aires : _bEdit. Claridad, _c1951. |
||
| 300 |
_a342 páginas ; _bFotografías, _c20 cm. |
||
| 440 |
_aBiblioteca de obras famosas _929218 |
||
| 505 | _aContenido: Juventud -- Poderío o felicidad -- La ascensión -- El triunfo de la reina - derrota de la mujer... | ||
| 650 |
_aLa Católica _929456 |
||
| 650 |
_aReina de España _929457 |
||
| 650 |
_aPrincesa independiente _929458 |
||
| 942 |
_2ddc _cLIBROS |
||
| 945 |
_adavv _d05/04/2019 |
||